<?xml version="1.0" encoding="UTF-8"?>
<collection xmlns="http://www.loc.gov/MARC21/slim">
 <record>
  <leader>00825nam a2200265   4500</leader>
  <controlfield tag="001">000027528</controlfield>
  <controlfield tag="003">HƯ-DI</controlfield>
  <controlfield tag="005">20150403120000.0</controlfield>
  <controlfield tag="008">150403s        vm            000   vie</controlfield>
  <datafield tag="020" ind1=" " ind2=" ">
   <subfield code="c">0,0000</subfield>
  </datafield>
  <datafield tag="040" ind1=" " ind2=" ">
   <subfield code="a">notts</subfield>
  </datafield>
  <datafield tag="100" ind1=" " ind2=" ">
   <subfield code="a">Võ Văn Nhị, TS</subfield>
  </datafield>
  <datafield tag="245" ind1=" " ind2=" ">
   <subfield code="a">Hướng dẫn thực hành kế toán tài chính : (Tái bản lần thứ 2 đã chỉnh lý bổ sung theo Thông tư 89/2002/TT-BTC ban hành ngày 9-10-2002 của Bộ Tài chính) /</subfield>
   <subfield code="c">Võ Văn Nhị, Trần Anh Hoa, Nguyễn Ngọc Dung, Trần Thị Duyên.</subfield>
  </datafield>
  <datafield tag="260" ind1=" " ind2=" ">
   <subfield code="b">TKE</subfield>
   <subfield code="c">2003</subfield>
  </datafield>
  <datafield tag="OWN" ind1=" " ind2=" ">
   <subfield code="a">LTT</subfield>
  </datafield>
  <datafield tag="999" ind1=" " ind2=" ">
   <subfield code="a">From the UDN01</subfield>
  </datafield>
  <datafield tag="TYP" ind1=" " ind2=" ">
   <subfield code="a">Monograph</subfield>
  </datafield>
  <datafield tag="TYP" ind1=" " ind2=" ">
   <subfield code="a">Printed language</subfield>
  </datafield>
  <datafield tag="980" ind1=" " ind2=" ">
   <subfield code="a">Mạng thư viện Đại học Đà Nẵng</subfield>
  </datafield>
 </record>
</collection>
